Les 10 plus grandes villes de Norvège - Statistiques

Statistiques générales
  • Ce quiz a été pris 138 fois
  • Le résultat moyen est 5 sur 10
Statistiques - réponses
Population Ville % Correct
580 000 Oslo
100%
213 585 Bergen
93%
147,139 Trondheim
79%
52 436 Tromsø
59%
121 610 Stavanger
55%
63 814 Kristiansand
36%
90 722 Drammen
28%
72 760 Fredrikstad
18%
63 032 Sandnes
6%
52,159 Sarpsborg
4%
Aucun quiz correspondant
Distribution des résultats
% des personnes avec chaque résultat
Percentile par nombre de réponses
Votre historique - résultats
Vous n’avez pas pris ce quiz